00602 2200205 4500001002100000005001500021035002000036007000300056008004100059020001800100082000800118084001400126100002200140245011800162250001600280260004800296300002100344650002300365990000800388INLIS00000000000025820170914023928 a0010-0917000244ta170914 0 ind  a979-421-375-6 a297 a297 AGU a0 aAgus, Bustanuddin1 aAl - Islam :bBuku Pedoman Kuliah mahasiswa untuk mata ajaran pendidikan agama islam /cDr. Bustanuddin Agus, M,A aEd.1, Cet.1 aJakarta :bPt. Raja Grafindo Persada,c1993 a174 hlm ;c21 cm aIslam - Pendidikan a487